| 000 | 00645nam a22001337a 4500 | ||
|---|---|---|---|
| 005 | 20251103155047.0 | ||
| 100 | _aFagbemi, E.A. | ||
| 245 | _aThe potentials of refined rubber seed oil for use as a dielectric fluid- A review | ||
| 260 |
_bNatural Rubber Industry: Way forward for the Competitiveness and Sustainability: Proceedings of the International Rubber Conference 2019, 30 September- 1st October 2019, International Rubber Research and Development Board and Myanmar Rubber Planters and Producers Association, Nai Pyi Taw, Myanmar, pp. 280-285. _c2022 |
||
| 650 | _aDielectric | ||
| 650 | _aRefined | ||
| 700 | _aIsmail, O.S. | ||
| 942 | _cAR | ||
| 999 |
_c75737 _d75737 |
||